000
00333 a2200145 4500
001
163642
020
_a
040
_c
Magnum
100
_a
Murad, Jose Elias
240
1
0
_a
Maconha: a toxicidade silenciosa
_l
por
245
1
0
_a
Maconha: a toxicidade silenciosa
362
0
_a
1899
697
_a
CIENCIAS MEDICAS SAUDE
942
_c
BK
999
_c
163642
_d
163642